ბათუმის შოთა რუსთაველის სახელმწიფო უნივერსიტეტის ბიბლიოთეკა

Практикум по почвоведению (ბიბ.ჩანაწერი № 45853)

000 -LEADER
fixed length control field 00607nam a2200217Ia 4500
001 - CONTROL NUMBER
control field 12682
003 - CONTROL NUMBER IDENTIFIER
control field GE_BSU
008 - FIXED-LENGTH DATA ELEMENTS--GENERAL INFORMATION
fixed length control field 181216s||||||||xx |||||||||||||| ||und||
040 ## - CATALOGING SOURCE
Transcribing agency GE_BSU
080 ## - UNIVERSAL DECIMAL CLASSIFICATION NUMBER
Universal Decimal Classification number 631.4(076)(075.8)
245 ## - TITLE STATEMENT
Title Практикум по почвоведению
245 ## - TITLE STATEMENT
Statement of responsibility, etc. Ред.В.М.Шлепанов.
260 ## - PUBLICATION, DISTRIBUTION, ETC.
Place of publication, distribution, etc. Москва
260 ## - PUBLICATION, DISTRIBUTION, ETC.
Name of publisher, distributor, etc. Колос
260 ## - PUBLICATION, DISTRIBUTION, ETC.
Date of publication, distribution, etc. 1973
300 ## - PHYSICAL DESCRIPTION
Extent 278стр.22см.
300 ## - PHYSICAL DESCRIPTION
Dimensions указатель лит-ры с.275
300 ## - PHYSICAL DESCRIPTION
Accompanying material Приложения с.266
653 ## - INDEX TERM--UNCONTROLLED
Uncontrolled term Практикум по почвоведению
942 ## - ADDED ENTRY ELEMENTS (KOHA)
Koha item type წიგნი
ეგზემპლარები
Withdrawn status Lost status Damaged status Not for loan Date acquired Barcode Date last seen Price effective from Koha item type
        2018-12-17 20940 2018-12-17 2018-12-17 წიგნი
        2018-12-17 20912 2018-12-17 2018-12-17 წიგნი